[Event "Middlesex-Young England"]
[Site "London"]
[Date "2007.07.18"]
[Round "8"]
[White "Constantinou, Peter"]
[Black "McKeown, Paul"]
[Result "1/2-1/2"]
[WhiteElo "2173"]
[BlackElo "2080"]
[PlyCount "101"]
[EventDate "2007.07.09"]
[EventType "schev"]
[EventRounds "9"]
[EventCountry "ENG"]
[SourceTitle "CBM 119 Extra"]
[Source "ChessBase"]
[SourceDate "2007.09.04"]
[SourceVersion "1"]
[SourceVersionDate "2007.09.04"]
[SourceQuality "1"]

1. d4 f5 2. e4 fxe4 3. Nc3 Nf6 4. Bg5 Nc6 5. d5 Ne5 6. Qd4 Nf7 7. h4 c5 8. Qxc5 e5 9. Qc4 Nd6 10. Qa4 Qb6 11. Qb3 Qxb3 12. axb3 Be7 13. Nge2 b5 14. Bxf6 gxf6 15. Ng3 b4 16. Ncxe4 Nxe4 17. Nxe4 f5 18. Ng3 d6 19. Bb5+ Kf7 20. Bc6 Rb8 21. Rxa7 Kf6 22. Ke2 Bd8 23. Rha1 Rf8 24. Rxh7 Kg6 25. Raa7 Bf6 26. Rhc7 e4 27. Rh7 Bxb2 28. f4 exf3+ 29. Kxf3 Bd4 30. Rac7 Be5 31. h5+ Kg5 32. Nh1 f4 33. Nf2 Bf5 34. Ne4+ Kh4 35. Rh6 Bxe4+ 36. Kxe4 Kg3 37. Rg6+ Kh4 38. Rh7 Rh8 39. Rgh6 Rhg8 40. Rg6 Rh8 41. Rxh8 Rxh8 42. h6 Kh5 43. Re6 Rxh6 44. Rxh6+ Kxh6 45. Kf5 Kh5 46. Bb5 Kh4 47. Bd3 Kg3 48. Be4 Kf2 49. c4 bxc3 50. b4 Ke3 51. b5 1/2-1/2

[Event "Middlesex-Young England"]
[Site "London"]
[Date "2007.07.17"]
[Round "7"]
[White "McKeown, Paul"]
[Black "Fowler, Simon"]
[Result "1/2-1/2"]
[WhiteElo "2080"]
[BlackElo "2204"]
[PlyCount "65"]
[EventDate "2007.07.09"]
[EventType "schev"]
[EventRounds "9"]
[EventCountry "ENG"]
[SourceTitle "CBM 119 Extra"]
[Source "ChessBase"]
[SourceDate "2007.09.04"]
[SourceVersion "1"]
[SourceVersionDate "2007.09.04"]
[SourceQuality "1"]

1. d4 d5 2. c4 e6 3. Nc3 c6 4. e4 Bb4 5. Bd3 Nf6 6. e5 dxc4 7. Bxc4 Nd5 8. Nge2 0-0 9. 0-0 b6 10. Bd2 Bxc3 11. bxc3 Bb7 12. Ng3 c5 13. Qg4 Ne7 14. Bg5 Qc7 15. Bxe6 fxe6 16. Qxe6+ Rf7 17. f4 Nbc6 18. Rac1 h6 19. Bxe7 Nxe7 20. Qg4 Qc6 21. Nh5 Qg6 22. Qxg6 Nxg6 23. f5 Nh4 24. f6 g6 25. Nf4 Re8 26. Rf2 Kh7 27. Re1 g5 28. Nh5 Nxg2 29. Rxg2 Bxg2 30. Kxg2 Kg6 31. Ng3 Rxf6 32. d5 Rf4 33. e6 1/2-1/2

[Event "BCF-chT4 0506 (4NCL)"]
[Site "West Bromwich"]
[Date "2005.12.04"]
[Round "4.6"]
[White "Horton, Justin"]
[Black "McKeown, Paul"]
[Result "1-0"]
[WhiteElo "2110"]
[BlackElo "2060"]
[PlyCount "51"]
[EventDate "2005.11.05"]
[EventType "team"]
[EventRounds "11"]
[EventCountry "ENG"]
[SourceTitle "CBM 109 Extra"]
[Source "ChessBase"]
[SourceDate "2006.01.03"]
[SourceVersion "2"]
[SourceVersionDate "2006.01.03"]
[SourceQuality "1"]
[WhiteTeam "Guildford IV"]
[BlackTeam "Athenaeum"]
[WhiteTeamCountry "ENG"]
[BlackTeamCountry "ENG"]

1. Nf3 d5 2. c4 c6 3. d4 Nf6 4. Nc3 e6 5. e3 Nbd7 6. Bd3 dxc4 7. Bxc4 b5 8. Bd3 a6 9. e4 c5 10. d5 exd5 11. e5 Ng4 12. 0-0 Bb7 13. Bf5 h5 14. e6 Nde5 15. Nxe5 Nxe5 16. Re1 f6 17. Rxe5 fxe5 18. Bg6+ Ke7 19. Bg5+ Kxe6 20. Bxd8 Rxd8 21. Qf3 Be7 22. Qf7+ Kd6 23. Nxd5 Bxd5 24. Rd1 Kc6 25. Qxe7 Rd7 26. Be8 1-0

[Event "BCF-chT3 0405 (4NCL)"]
[Site "Telford"]
[Date "2005.05.28"]
[Round "9.7"]
[White "McKeown, Paul"]
[Black "Rawlinson, Aidan"]
[Result "1/2-1/2"]
[WhiteElo "2095"]
[BlackElo "2173"]
[PlyCount "64"]
[EventDate "2004.11.06"]
[EventType "team"]
[EventRounds "11"]
[EventCountry "ENG"]
[SourceTitle "EXT 2006"]
[Source "ChessBase"]
[SourceDate "2005.11.24"]
[SourceVersion "1"]
[SourceVersionDate "2005.11.24"]
[SourceQuality "1"]
[WhiteTeam "Athenaeum"]
[BlackTeam "Oxford"]
[WhiteTeamCountry "ENG"]
[BlackTeamCountry "ENG"]

1. d4 f5 2. g3 Nf6 3. Bg2 g6 4. Nf3 Bg7 5. 0-0 0-0 6. c4 d6 7. Nc3 c6 8. d5 e5 9. dxe6 Bxe6 10. Qd3 Nbd7 11. Ng5 Qe7 12. Nxe6 Qxe6 13. b3 Nc5 14. Qc2 Nfe4 15. Bb2 Nxc3 16. Bxc3 Bxc3 17. Qxc3 f4 18. Qd4 fxg3 19. hxg3 Rf6 20. b4 Nd7 21. b5 Ne5 22. bxc6 Nxc6 23. Qb2 Qe7 24. Rab1 Nd8 25. Bd5+ Kg7 26. Rfd1 Rc8 27. Rd3 Rc7 28. Re3 Qf8 29. Qd4 Nc6 30. Bxc6 bxc6 31. Reb3 Qf7 32. Rb8 c5 1/2-1/2

[Event "BCF-chT3 0405 (4NCL)"]
[Site "Telford"]
[Date "2004.11.06"]
[Round "1.6"]
[White "Hodge, David Jonathan"]
[Black "McKeown, Paul"]
[Result "1/2-1/2"]
[WhiteElo "2165"]
[BlackElo "2084"]
[PlyCount "51"]
[EventDate "2004.11.06"]
[EventType "team"]
[EventRounds "11"]
[EventCountry "ENG"]
[SourceTitle "EXT 2006"]
[Source "ChessBase"]
[SourceDate "2005.11.24"]
[SourceVersion "1"]
[SourceVersionDate "2005.11.24"]
[SourceQuality "1"]
[WhiteTeam "Cambridge"]
[BlackTeam "Athenaeum"]
[WhiteTeamCountry "ENG"]
[BlackTeamCountry "ENG"]

1. e4 Nf6 2. e5 Nd5 3. c4 Nb6 4. d4 d6 5. exd6 cxd6 6. Nc3 g6 7. Be3 Bg7 8. Rc1 0-0 9. b3 e5 10. dxe5 dxe5 11. Qxd8 Rxd8 12. c5 N6d7 13. Bc4 Nc6 14. Ne4 Na5 15. Bg5 Rf8 16. Bd5 h6 17. Bd2 Nc6 18. Nf3 Kh7 19. h4 Nf6 20. Nxf6+ Bxf6 21. 0-0 Bg4 22. Bc3 Bxf3 23. Bxf3 Bxh4 24. Bxc6 bxc6 25. Bxe5 Rfe8 26. Rfe1 1/2-1/2

[Event "Coventry op 1st"]
[Site "Coventry"]
[Date "2004.04.18"]
[Round "4"]
[White "Baker, Chris W"]
[Black "McKeown, Paul"]
[Result "1-0"]
[WhiteElo "2369"]
[BlackElo "2050"]
[PlyCount "57"]
[EventDate "2004.04.16"]
[EventType "swiss"]
[EventRounds "5"]
[EventCountry "ENG"]
[SourceTitle "CBM 099 Extra"]
[Source "ChessBase"]
[SourceDate "2004.05.04"]
[SourceVersion "1"]
[SourceVersionDate "2004.05.04"]
[SourceQuality "1"]

1. e4 Nf6 2. Nc3 e5 3. Nf3 Nc6 4. d4 exd4 5. Nxd4 Bb4 6. Nxc6 bxc6 7. Bd3 d5 8. exd5 cxd5 9. 0-0 0-0 10. Bg5 c6 11. Ne2 h6 12. Bh4 Bg4 13. h3 Bh5 14. c3 Bd6 15. Qc2 Bxe2 16. Qxe2 g5 17. Bg3 Bxg3 18. fxg3 Qb6+ 19. Kh2 Rae8 20. Qf3 Ne4 21. Rae1 f5 22. Qh5 Kg7 23. Rxf5 Qxb2 24. Rxf8 Rxf8 25. Bxe4 dxe4 26. Rxe4 Qxa2 27. c4 Rf7 28. Re6 Rf6 29. Re7+ 1-0

[Event "BCF-chT2 0203 (4NCL)"]
[Site "West Bromwich"]
[Date "2003.03.09"]
[Round "6.4"]
[White "Gourlay, Iain"]
[Black "McKeown, Paul"]
[Result "1/2-1/2"]
[WhiteElo "2257"]
[BlackElo "2043"]
[PlyCount "105"]
[EventDate "2002.11.??"]
[EventType "team"]
[EventRounds "11"]
[EventCountry "ENG"]
[SourceTitle "EXT 2004"]
[Source "ChessBase"]
[SourceDate "2003.11.25"]
[SourceVersion "1"]
[SourceVersionDate "2003.11.25"]
[SourceQuality "1"]
[WhiteTeam "White Rose"]
[BlackTeam "Athenaeum"]
[WhiteTeamCountry "ENG"]
[BlackTeamCountry "ENG"]

1. Nf3 d5 2. g3 Nf6 3. Bg2 c6 4. b3 Bg4 5. Bb2 Nbd7 6. d3 e6 7. 0-0 Bd6 8. Nbd2 0-0 9. e4 dxe4 10. dxe4 Qc7 11. Nc4 Be7 12. h3 Bh5 13. Qe1 b5 14. Nce5 Bg6 15. Nxd7 Nxd7 16. Nd2 e5 17. f4 f6 18. Kh1 Bc5 19. Nf3 exf4 20. gxf4 Rae8 21. Nh4 Bh5 22. Nf5 Bg6 23. Nh4 Bh5 24. Qg3 Qb6 25. Rae1 b4 26. Nf5 Bg6 27. Nh4 Bh5 28. Nf5 Bg6 29. Nxg7 Kxg7 30. f5 Ne5 31. fxg6 hxg6 32. Bxe5 fxe5 33. Rxf8 Bxf8 34. Rf1 Qc5 35. h4 Qd6 36. Bh3 Be7 37. h5 g5 38. Bg4 Rf8 39. Bf5 Kh6 40. Qg4 Qd2 41. Qg1 Qd4 42. Qg2 Bc5 43. Rf3 Qd1+ 44. Kh2 Rd8 45. Bg4 Qe1 46. Rd3 Rf8 47. Bf5 Bd4 48. Qg3 Qe2+ 49. Qg2 Qxg2+ 50. Kxg2 c5 51. Rf3 a5 52. Kf1 Kg7 53. Ke2 1/2-1/2

[Event "Ulster-ch"]
[Site "Belfast"]
[Date "2001.12.29"]
[Round "4"]
[White "Scannell, Stephen"]
[Black "McKeown, Paul"]
[Result "1-0"]
[WhiteElo "2144"]
[BlackElo "2075"]
[PlyCount "43"]
[EventDate "2001.12.27"]
[EventType "swiss"]
[EventRounds "7"]
[EventCountry "NIR"]
[SourceTitle "EXT 2023"]
[Source "ChessBase"]
[SourceDate "2022.10.05"]
[SourceVersion "1"]
[SourceVersionDate "2022.10.05"]
[SourceQuality "1"]

1. d4 d5 2. Nf3 Nf6 3. e3 Bg4 4. c4 Bxf3 5. gxf3 c6 6. Nc3 e6 7. Qb3 dxc4 8. Qxb7 Be7 9. Bxc4 0-0 10. Bd2 Nbd7 11. Qxc6 Rc8 12. Qa6 e5 13. Bd3 exd4 14. exd4 Bc5 15. Be3 Nb8 16. Qa4 Nd5 17. Nxd5 Qxd5 18. Be4 Qh5 19. dxc5 a5 20. 0-0-0 Na6 21. Rd5 f5 22. Qd7 1-0

[Event "Bunratty Masters op"]
[Site "Bunratty"]
[Date "2001.02.17"]
[Round "3"]
[White "Killane, Jack"]
[Black "McKeown, Paul"]
[Result "1/2-1/2"]
[WhiteElo "2178"]
[BlackElo "2084"]
[PlyCount "24"]
[EventDate "2001.02.19"]
[EventType "swiss"]
[EventRounds "6"]
[EventCountry "IRL"]
[SourceTitle "CBM 080 Extra"]
[Source "ChessBase"]
[SourceDate "2001.03.08"]
[SourceVersion "1"]
[SourceVersionDate "2001.03.08"]
[SourceQuality "1"]

1. e4 Nf6 2. e5 Nd5 3. d4 d6 4. c4 Nb6 5. f4 dxe5 6. fxe5 Nc6 7. Be3 Bf5 8. Nc3 e6 9. Be2 Qd7 10. Nf3 Bg4 11. Qd2 Bb4 12. 0-0 Bxf3 1/2-1/2

[Event "BCF-chT3b 0001 (4NCL)"]
[Site "Birmingham"]
[Date "2000.09.24"]
[Round "2.6"]
[White "McKeown, Paul"]
[Black "Gandy, Andrew"]
[Result "1/2-1/2"]
[WhiteElo "1888"]
[BlackElo "2067"]
[PlyCount "73"]
[EventDate "2000.11.26"]
[EventType "team-tourn"]
[EventRounds "7"]
[EventCountry "ENG"]
[SourceTitle "EXT 2002"]
[Source "ChessBase"]
[SourceDate "2001.11.25"]
[SourceVersion "1"]
[SourceVersionDate "2001.11.25"]
[SourceQuality "1"]
[WhiteTeam "Athenaeum"]
[BlackTeam "Nidum Knights"]
[WhiteTeamCountry "ENG"]
[BlackTeamCountry "ENG"]

1. e4 c5 2. Nf3 Nc6 3. c3 d5 4. exd5 Qxd5 5. d4 Bg4 6. Be2 e6 7. 0-0 Nf6 8. h3 Bh5 9. Be3 cxd4 10. cxd4 Be7 11. Nc3 Qa5 12. Qb3 Qb4 13. g4 Qxb3 14. axb3 Bg6 15. Ne5 0-0 16. Nxg6 hxg6 17. g5 Nd5 18. Nxd5 exd5 19. Bf3 Rad8 20. Rfc1 f6 21. Be2 f5 22. Bb5 f4 23. Bxc6 fxe3 24. Bxb7 Bxg5 25. Rc5 exf2+ 26. Kf1 Rf5 27. Rxa7 Kh7 28. Ra8 Rxa8 29. Bxa8 Be3 30. Rxd5 Rf8 31. Re5 Bxd4 32. Re4 Rd8 33. Rh4+ Kg8 34. Bf3 Bb6 35. Rb4 Ba5 36. Ra4 Be1 37. Ra8 1/2-1/2

[Event "Passau op 8th"]
[Site "Passau"]
[Date "2000.04.24"]
[Round "7"]
[White "Baer, Soeren"]
[Black "McKeown, Paul"]
[Result "1-0"]
[WhiteElo "2055"]
[BlackElo "1850"]
[PlyCount "81"]
[EventDate "2000.04.21"]
[EventType "swiss"]
[EventRounds "7"]
[EventCountry "GER"]
[SourceTitle "CBM 076 Extra"]
[Source "ChessBase"]
[SourceDate "2000.07.11"]
[SourceVersion "1"]
[SourceVersionDate "2000.07.11"]
[SourceQuality "1"]

1. e4 Nf6 2. e5 Nd5 3. d4 d6 4. c4 Nb6 5. f4 dxe5 6. fxe5 Nc6 7. Be3 Bf5 8. Nc3 e6 9. Nf3 Bg4 10. Qd2 Qd7 11. 0-0-0 Bb4 12. Be2 0-0-0 13. h3 Bh5 14. g4 Bg6 15. Bd3 f6 16. exf6 gxf6 17. Nh4 Bxd3 18. Qxd3 Ne5 19. Qc2 Nexc4 20. Bh6 Bf8 21. Bf4 Bd6 22. Bh6 Qc6 23. Rhf1 Bg3 24. Nf3 Rhe8 25. Ne4 Bd6 26. Nxf6 Re7 27. b3 Ba3+ 28. Kb1 Na5 29. Qxc6 Nxc6 30. Bg5 Rf8 31. Ne5 Rg7 32. Bh6 Nxe5 33. dxe5 Rff7 34. Bxg7 Rxg7 35. Nh5 Rg8 36. Rf7 Nd5 37. Nf6 Rg5 38. Nxd5 exd5 39. Rxd5 Bd6 40. Rxh7 Bxe5 41. Re7 1-0

[Event "BCF-chT2 9900 (4NCL)"]
[Site "Birmingham"]
[Date "2000.01.23"]
[Round "6.7"]
[White "McKeown, Paul"]
[Black "Hardy, David G"]
[Result "0-1"]
[WhiteElo "1824"]
[BlackElo "1896"]
[PlyCount "85"]
[EventDate "1999.10.??"]
[EventType "team"]
[EventRounds "11"]
[EventCountry "ENG"]
[SourceTitle "EXT 2001"]
[Source "ChessBase"]
[SourceDate "2000.11.22"]
[SourceVersion "1"]
[SourceVersionDate "2000.11.22"]
[SourceQuality "1"]
[WhiteTeam "Kings Head"]
[BlackTeam "Numerica 3CS"]
[WhiteTeamCountry "ENG"]
[BlackTeamCountry "ENG"]

1. e4 e6 2. d4 d5 3. Nc3 Bb4 4. e5 c5 5. a3 Bxc3+ 6. bxc3 Qc7 7. Nf3 b6 8. Be2 Ne7 9. 0-0 Ba6 10. Bxa6 Nxa6 11. a4 Nb8 12. a5 bxa5 13. Qd3 c4 14. Qe2 Nbc6 15. Ng5 h5 16. Ba3 Nf5 17. Nh3 0-0-0 18. Rfb1 g6 19. Bc5 Kd7 20. Ng5 Ke8 21. Qe1 Rc8 22. f4 Rb8 23. Qc1 Rxb1 24. Qxb1 Kd8 25. Qb5 Kd7 26. Nxf7 Rb8 27. Qa4 Rb2 28. Ba3 Rb7 29. Ng5 Qb6 30. Re1 Qb5 31. Qxb5 Rxb5 32. Kf2 a6 33. Ra1 Rb7 34. Bc1 Rb5 35. g3 Nce7 36. h3 Ng8 37. g4 Nfh6 38. Kf3 Ke7 39. Ba3+ Kd7 40. Rg1 hxg4+ 41. hxg4 Rb7 42. Rh1 Rb8 43. Nf7 0-1